000
00236nam a2200097Ia 4500
001
716595
005
20250826162947.0
008
250824s9999 xx 000 0 und d
245
0
_a
UCUBELER SİRKİ
_c
DARREN SHAN
260
_b
TUDEM YAYINLARI
999
_c
716595
_d
716595